[Event "Bad Woerishofen op-B"]
[Site "Bad Woerishofen"]
[Date "2024.03.14"]
[Round "7"]
[White "Litfin, Boris"]
[Black "Schaedler, Mathias"]
[Result "1/2-1/2"]
[WhiteElo "1938"]
[BlackElo "1846"]
[PlyCount "48"]
[EventDate "2024.03.08"]
[EventType "swiss"]
[EventRounds "9"]
[EventCountry "GER"]
[SourceTitle "EXT 2025"]
[Source "ChessBase"]
[SourceDate "2024.10.14"]
[SourceVersion "1"]
[SourceVersionDate "2024.10.14"]
[SourceQuality "1"]

1. e4 e5 2. Nc3 Nf6 3. Bc4 Nc6 4. d3 Na5 5. Nge2 d6 6. 0-0 Be7 7. f4 Nxc4 8. dxc4 exf4 9. Nxf4 Bg4 10. Qd3 0-0 11. Nfd5 Nd7 12. Nxe7+ Qxe7 13. Nd5 Qd8 14. b3 Bh5 15. Bb2 Ne5 16. Qg3 f6 17. Rae1 a5 18. a4 c6 19. Nf4 Bf7 20. Rd1 Qc7 21. Nd3 Bg6 22. Nf4 Bf7 23. Nd3 Bg6 24. Nf4 Bf7 1/2-1/2

[Event "Bad Woerishofen op-B"]
[Site "Bad Woerishofen"]
[Date "2024.03.13"]
[Round "6"]
[White "Schmitz, Tim"]
[Black "Litfin, Boris"]
[Result "0-1"]
[WhiteElo "1864"]
[BlackElo "1938"]
[PlyCount "86"]
[EventDate "2024.03.08"]
[EventType "swiss"]
[EventRounds "9"]
[EventCountry "GER"]
[SourceTitle "EXT 2025"]
[Source "ChessBase"]
[SourceDate "2024.10.14"]
[SourceVersion "1"]
[SourceVersionDate "2024.10.14"]
[SourceQuality "1"]

1. e4 g6 2. d4 Bg7 3. Nc3 c5 4. dxc5 Qa5 5. Bd2 Qxc5 6. Nf3 d6 7. Bd3 Nf6 8. 0-0 0-0 9. Be3 Qa5 10. h3 Nc6 11. Qe2 a6 12. Rad1 b5 13. Nd4 Ne5 14. f4 Nxd3 15. Qxd3 Bb7 16. a3 Rac8 17. f5 Nd7 18. Nd5 Bxd5 19. exd5 Ne5 20. Qe4 b4 21. Bd2 Qb6 22. Bxb4 Rc4 23. Kh1 gxf5 24. Rxf5 Ng6 25. Bc3 Rfc8 26. Qd3 Ne5 27. Rxe5 dxe5 28. Nc6 R4xc6 29. dxc6 Qxc6 30. Qd7 Qxd7 31. Rxd7 Kf8 32. Rd5 e6 33. Rd6 e4 34. Bxg7+ Kxg7 35. c3 Kf6 36. Kg1 Ke5 37. Rd4 f5 38. Kf2 f4 39. Ra4 Rd8 40. Ra5+ Kf6 41. Ke2 Rg8 42. Kf2 e3+ 43. Kf1 Rd8 0-1

[Event "Bad Woerishofen op-B"]
[Site "Bad Woerishofen"]
[Date "2024.03.09"]
[Round "2"]
[White "Bartsch, Winfried"]
[Black "Litfin, Boris"]
[Result "1-0"]
[WhiteElo "1840"]
[BlackElo "1938"]
[PlyCount "59"]
[EventDate "2024.03.08"]
[EventType "swiss"]
[EventRounds "9"]
[EventCountry "GER"]
[SourceTitle "EXT 2025"]
[Source "ChessBase"]
[SourceDate "2024.10.14"]
[SourceVersion "1"]
[SourceVersionDate "2024.10.14"]
[SourceQuality "1"]

1. e4 g6 2. d4 Bg7 3. Nf3 d6 4. Be2 Nd7 5. Nc3 a6 6. Be3 e6 7. Qd2 h6 8. 0-0-0 Ne7 9. g4 b5 10. d5 b4 11. Na4 Rb8 12. dxe6 fxe6 13. g5 h5 14. Bc4 Ne5 15. Nxe5 Bxe5 16. f4 Bg7 17. Nc5 d5 18. exd5 exd5 19. Bxd5 Qd6 20. Bb3 Nf5 21. Rhe1 Kf8 22. Qf2 Qe7 23. Bd4 Bxd4 24. Rxd4 Nxd4 25. Rxe7 Nxb3+ 26. axb3 Kxe7 27. Qe3+ Kf7 28. Qe5 Rd8 29. Qxc7+ Bd7 30. Nxd7 1-0

[Event "Baden Wuerttemberg-ch Seniors 50+ op"]
[Site "Freudenstadt"]
[Date "2019.07.06"]
[Round "2"]
[White "Litfin, Boris"]
[Black "Metz, Hartmut"]
[Result "1/2-1/2"]
[WhiteElo "1984"]
[BlackElo "2256"]
[PlyCount "88"]
[EventDate "2019.07.05"]
[EventType "swiss"]
[EventRounds "9"]
[EventCountry "GER"]
[SourceTitle "EXT 2020"]
[Source "ChessBase"]
[SourceDate "2019.10.17"]
[SourceVersion "1"]
[SourceVersionDate "2019.10.17"]
[SourceQuality "1"]

1. e4 c6 2. d4 d5 3. e5 Bf5 4. h4 h5 5. Bd3 Bxd3 6. Qxd3 e6 7. Bg5 Qa5+ 8. Nd2 Ne7 9. Ngf3 Qa6 10. c4 Nf5 11. 0-0 Bb4 12. b3 Nd7 13. Rfc1 0-0 14. Nf1 Ba3 15. Rc2 Rfe8 16. Ne3 g6 17. Nxf5 exf5 18. Qc3 Bf8 19. cxd5 cxd5 20. Qc7 Qe6 21. Qxb7 Reb8 22. Qc6 Qxc6 23. Rxc6 Rc8 24. Rac1 Nb6 25. Rxc8 Rxc8 26. Rxc8 Nxc8 27. Bd8 Bb4 28. Kf1 Kf8 29. Ke2 Ke8 30. Bg5 Nb6 31. Bc1 Nd7 32. a3 Be7 33. g3 Nf8 34. Ne1 Ne6 35. Bb2 f4 36. Nd3 fxg3 37. fxg3 Kd7 38. Kf3 Ng7 39. Nf4 Kc6 40. Ng2 Ne6 41. Nf4 Nc7 42. Ke3 Bf8 43. Kf3 Bh6 44. Nd3 Bf8 1/2-1/2

[Event "Verbandsliga Suedbaden 1718"]
[Site "Baden"]
[Date "2018.01.28"]
[Round "5.8"]
[White "Schmieder, Herbert"]
[Black "Litfin, Boris"]
[Result "0-1"]
[WhiteElo "1877"]
[BlackElo "1983"]
[PlyCount "124"]
[EventDate "2017.10.08"]
[EventType "team-tourn"]
[EventRounds "9"]
[EventCountry "GER"]
[SourceTitle "EXT 2019"]
[Source "ChessBase"]
[SourceDate "2018.10.10"]
[SourceVersion "1"]
[SourceVersionDate "2018.10.10"]
[SourceQuality "1"]
[WhiteTeam "Pfullendorf"]
[BlackTeam "Emmendingen II"]
[WhiteTeamCountry "GER"]
[BlackTeamCountry "GER"]

1. d4 Nf6 2. Bf4 g6 3. e3 Bg7 4. Nf3 0-0 5. h3 d6 6. Be2 h6 7. Nbd2 Nfd7 8. c3 f5 9. 0-0 e5 10. Bh2 e4 11. Ne1 Nc6 12. c4 Qg5 13. Bf4 Qe7 14. Bh2 Kh7 15. Qc2 Nf6 16. a3 a5 17. Rd1 Bd7 18. Nb1 Be8 19. Nc3 g5 20. Qc1 Bg6 21. Nc2 Qf7 22. f3 exf3 23. gxf3 Rae8 24. Kh1 Qd7 25. Kg2 Kh8 26. Bd3 Bh7 27. Qd2 Nh5 28. Qf2 Bf6 29. Nd5 Bd8 30. Rfe1 Ne7 31. Nxe7 Bxe7 32. d5 g4 33. Bf4 Qd8 34. Rf1 Bh4 35. Qd2 Rg8 36. fxg4 fxg4 37. Bxh7 gxh3+ 38. Kh1 Kxh7 39. Qd3+ Kh8 40. Rg1 Qf6 41. Qd4 Nxf4 42. exf4 Rxg1+ 43. Kxg1 Re2 44. Qxf6+ Bxf6 45. Nd4 Rg2+ 46. Kh1 Rxb2 47. Ne6 Rc2 48. Nxc7 Rxc4 49. Ne6 b5 50. Kh2 Rc3 51. Rb1 Rc2+ 52. Kxh3 Rb2 53. Rc1 Rb3+ 54. Kg4 Bc3 55. Kf5 Rxa3 56. Kg4 b4 57. Nd8 Ra1 58. Nf7+ Kg8 59. Nxh6+ Kf8 60. Rc2 a4 61. Kf5 Rg1 62. Ng4 a3 0-1

[Event "Eschborn op"]
[Site "Eschborn"]
[Date "2017.10.14"]
[Round "2"]
[White "Litfin, Boris"]
[Black "Boder, Jan"]
[Result "1-0"]
[WhiteElo "1947"]
[BlackElo "1680"]
[PlyCount "111"]
[EventDate "2017.10.13"]
[EventType "swiss"]
[EventRounds "5"]
[EventCountry "GER"]
[SourceTitle "EXT 2019"]
[Source "ChessBase"]
[SourceDate "2018.10.10"]
[SourceVersion "1"]
[SourceVersionDate "2018.10.10"]
[SourceQuality "1"]

1. e4 c5 2. c3 d5 3. exd5 Qxd5 4. d4 Nc6 5. Nf3 Bg4 6. dxc5 Qxd1+ 7. Kxd1 e5 8. b4 e4 9. h3 Bxf3+ 10. gxf3 exf3 11. Nd2 0-0-0 12. Kc2 Ne5 13. Nc4 Ng6 14. Bd3 Nf6 15. Bg5 Be7 16. Bxf6 gxf6 17. Rae1 Rhe8 18. Re3 Nh4 19. Rhe1 Ng2 20. Nd6+ Bxd6 21. Rxe8 Nxe1+ 22. Rxe1 Be5 23. Bxh7 Kc7 24. Bf5 Bf4 25. Re7+ Kb8 26. Bd3 Bg5 27. Rxf7 Rh8 28. Bf5 Rd8 29. Bg4 a5 30. Bxf3 a4 31. Rxb7+ Kc8 32. Ra7 Rd2+ 33. Kb1 Rxf2 34. Bh5 Bd2 35. Rxa4 Bxc3 36. b5 Rb2+ 37. Kc1 Rxb5 38. Bg4+ Kc7 39. Rc4 Be5 40. a4 Ra5 41. Kc2 Kc6 42. Bf3+ Kc7 43. Kd3 f5 44. h4 Ra6 45. h5 Re6 46. Bd5 Re8 47. Rb4 Rd8 48. Kc4 f4 49. a5 Bc3 50. Rb7+ Kc8 51. a6 Bd4 52. Be6+ Rd7 53. Bxd7+ Kd8 54. Kxd4 f3 55. Bh3 f2 56. a7 1-0

[Event "St Veit op-B 36th"]
[Site "St Veit"]
[Date "2017.07.09"]
[Round "3.3"]
[White "Litfin, Boris"]
[Black "Lederer, Peter"]
[Result "1-0"]
[WhiteElo "1949"]
[BlackElo "1871"]
[PlyCount "55"]
[EventDate "2017.07.08"]
[EventType "swiss"]
[EventRounds "9"]
[EventCountry "AUT"]
[SourceTitle "EXT 2024"]
[Source "ChessBase"]
[SourceDate "2023.10.10"]
[SourceVersion "1"]
[SourceVersionDate "2023.10.10"]
[SourceQuality "1"]

1. e4 c5 2. c3 Nf6 3. e5 Nd5 4. d4 cxd4 5. Nf3 e6 6. Bc4 dxc3 7. Bxd5 cxb2 8. Bxb2 Qa5+ 9. Nc3 Bb4 10. 0-0 Bxc3 11. Bxc3 Qxd5 12. Qe2 Nc6 13. Rfd1 Qc5 14. Rac1 Qe7 15. Nd2 0-0 16. Ne4 Qh4 17. Bb2 b6 18. Rc4 Qh6 19. Bc1 Qg6 20. Nf6+ Kh8 21. Rg4 gxf6 22. Rxg6 fxg6 23. exf6 Kg8 24. Bb2 Rf7 25. h4 Bb7 26. Qe3 Nb4 27. Qg5 Kh8 28. Rxd7 1-0

[Event "Korbach op 8th"]
[Site "Korbach"]
[Date "2016.10.23"]
[Round "7"]
[White "De Visser, Leon"]
[Black "Litfin, Boris"]
[Result "1/2-1/2"]
[WhiteElo "2258"]
[BlackElo "1944"]
[PlyCount "69"]
[EventDate "2016.10.20"]
[EventType "swiss"]
[EventRounds "7"]
[EventCountry "GER"]
[SourceTitle "CBM 175 Extra"]
[Source "ChessBase"]
[SourceDate "2016.12.12"]
[SourceVersion "1"]
[SourceVersionDate "2016.12.12"]
[SourceQuality "1"]

1. c4 Nf6 2. g3 g6 3. Bg2 Bg7 4. Nc3 0-0 5. e4 d6 6. Nge2 c5 7. d3 Nc6 8. 0-0 Bg4 9. f3 Bd7 10. Be3 Ne8 11. f4 f5 12. Qd2 Nd4 13. Bf2 Qb6 14. Nd5 Nxe2+ 15. Qxe2 Qd8 16. Rab1 e6 17. Ne3 fxe4 18. Bxe4 Rb8 19. b4 b6 20. Bg2 Nc7 21. bxc5 dxc5 22. Ng4 Na6 23. a3 Kh8 24. Ne5 Be8 25. h4 Qd6 26. Rfe1 Rd8 27. Rbd1 Ba4 28. Rd2 Nb8 29. h5 g5 30. Qg4 gxf4 31. gxf4 Bh6 32. Bg3 Nc6 33. Nxc6 Bxc6 34. Qxe6 Qd4+ 35. Qe3 1/2-1/2

[Event "Korbach op 8th"]
[Site "Korbach"]
[Date "2016.10.23"]
[Round "6"]
[White "Litfin, Boris"]
[Black "Schnitzer, Peter"]
[Result "1/2-1/2"]
[WhiteElo "1944"]
[BlackElo "2152"]
[PlyCount "40"]
[EventDate "2016.10.20"]
[EventType "swiss"]
[EventRounds "7"]
[EventCountry "GER"]
[SourceTitle "CBM 175 Extra"]
[Source "ChessBase"]
[SourceDate "2016.12.12"]
[SourceVersion "1"]
[SourceVersionDate "2016.12.12"]
[SourceQuality "1"]

1. e4 c5 2. c3 Nf6 3. e5 Nd5 4. d4 cxd4 5. Nf3 Nc6 6. Bc4 Nb6 7. Bb3 g6 8. cxd4 Bg7 9. Nc3 0-0 10. h4 d6 11. h5 dxe5 12. hxg6 hxg6 13. Bh6 Bxh6 14. Rxh6 Kg7 15. Rh4 Nxd4 16. Nxd4 exd4 17. Rxd4 Qc7 18. Qd2 Qe5+ 19. Re4 Qf6 20. 0-0-0 Bf5 1/2-1/2

[Event "Prague Holiday K11"]
[Site "Prague"]
[Date "2013.07.19"]
[Round "9"]
[White "Korth, Manfred"]
[Black "Litfin, Boris"]
[Result "1/2-1/2"]
[WhiteElo "1887"]
[BlackElo "1937"]
[PlyCount "63"]
[EventDate "2013.07.14"]
[EventType "tourn"]
[EventRounds "9"]
[EventCountry "CZE"]
[SourceTitle "EXT 2023"]
[Source "ChessBase"]
[SourceDate "2022.10.05"]
[SourceVersion "1"]
[SourceVersionDate "2022.10.05"]
[SourceQuality "1"]

1. Nf3 d6 2. g3 e5 3. d3 f5 4. Bg2 Nf6 5. c4 Be7 6. Nc3 0-0 7. e3 Qe8 8. 0-0 Nc6 9. Bd2 Kh8 10. Nd5 Bd8 11. b4 e4 12. dxe4 fxe4 13. Nd4 Nxd4 14. exd4 Nxd5 15. cxd5 Bf6 16. Be3 Bf5 17. Rc1 Qe7 18. Qb3 Qd7 19. Rc3 Rf7 20. Rfc1 Rc8 21. a4 Bg6 22. b5 Rff8 23. Qc2 Qf5 24. Qb3 Bd8 25. Bf1 Bh5 26. a5 Bf7 27. Bc4 Bg5 28. Qa2 Bh5 29. Bf1 Bf7 30. Bc4 Bh5 31. Bf1 Bf7 32. Bc4 1/2-1/2

[Event "Prague Holiday K11"]
[Site "Prague"]
[Date "2013.07.18"]
[Round "7"]
[White "Vitek, Jan"]
[Black "Litfin, Boris"]
[Result "1/2-1/2"]
[WhiteElo "1824"]
[BlackElo "1937"]
[PlyCount "84"]
[EventDate "2013.07.14"]
[EventType "tourn"]
[EventRounds "9"]
[EventCountry "CZE"]
[SourceTitle "EXT 2023"]
[Source "ChessBase"]
[SourceDate "2022.10.05"]
[SourceVersion "1"]
[SourceVersionDate "2022.10.05"]
[SourceQuality "1"]

1. f4 e6 2. Nf3 d5 3. e3 Nf6 4. Be2 c5 5. b3 Nc6 6. Bb2 Be7 7. 0-0 0-0 8. Ne5 Qc7 9. Nxc6 bxc6 10. c4 Rd8 11. d4 cxd4 12. exd4 c5 13. Qc2 cxd4 14. Bxd4 dxc4 15. Bf2 Bb7 16. Qxc4 Qd6 17. Nc3 Rac8 18. Nb5 Qd7 19. Rad1 Nd5 20. Qd3 a6 21. Nd4 Nxf4 22. Qd2 Nxe2+ 23. Qxe2 Bc5 24. Nf3 Bxf2+ 25. Kxf2 Qc7 26. Rxd8+ Rxd8 27. Kg1 Rd5 28. Rd1 Rxd1+ 29. Qxd1 h6 30. Qe2 Qa5 31. h3 Bc6 32. Kh2 Qc7+ 33. Kg1 Qa5 34. Kh2 Bd5 35. Qc2 Bxf3 36. gxf3 Qe5+ 37. Kg2 a5 38. Qc4 Kh7 39. Qc2+ g6 40. a3 h5 41. Qd2 h4 42. Qf2 g5 1/2-1/2

[Event "Verbandsliga Sued Baden 1213"]
[Site "Baden"]
[Date "2013.04.21"]
[Round "9.8"]
[White "Dettweiler, Christian"]
[Black "Litfin, Boris"]
[Result "1-0"]
[WhiteElo "2005"]
[BlackElo "1937"]
[PlyCount "87"]
[EventDate "2012.10.21"]
[EventType "team-tourn"]
[EventRounds "9"]
[EventCountry "GER"]
[SourceTitle "EXT 2014"]
[Source "ChessBase"]
[SourceDate "2013.11.20"]
[SourceVersion "1"]
[SourceVersionDate "2013.11.20"]
[SourceQuality "1"]
[WhiteTeam "Iffezheim"]
[BlackTeam "Emmendingen"]
[WhiteTeamCountry "GER"]
[BlackTeamCountry "GER"]

1. c4 d6 2. g3 g6 3. Bg2 Bg7 4. Nc3 Nf6 5. e4 0-0 6. Nge2 c5 7. 0-0 Nc6 8. d3 Bg4 9. h3 Bd7 10. f4 Rb8 11. Rb1 a6 12. Be3 b5 13. a3 bxc4 14. dxc4 Na5 15. Qd3 Ne8 16. b4 cxb4 17. axb4 Nc6 18. b5 axb5 19. cxb5 Na5 20. Rfc1 Nc7 21. Ba7 Rb7 22. b6 Qa8 23. e5 Bc6 24. Bxc6 Nxc6 25. exd6 Rd8 26. Ne4 exd6 27. Rxc6 Rxa7 28. bxc7 Rc8 29. Rbc1 Ra3 30. Qb5 Qa7+ 31. Qb6 Qa4 32. R6c4 Qe8 33. Qc6 Qe6 34. Qxd6 Qxh3 35. Qxa3 Qg4 36. Qd3 h5 37. Rb4 h4 38. Rb8 Kh7 39. Rxc8 Qxc8 40. Ng5+ Kh6 41. Nxf7+ Kh7 42. Rc5 Bf6 43. Ne5 Bxe5 44. fxe5 1-0

[Event "Dortmund Sparkassen op-B"]
[Site "Dortmund"]
[Date "2011.07.24"]
[Round "2"]
[White "Litfin, Boris"]
[Black "Madeya, Juergen"]
[Result "1-0"]
[WhiteElo "1950"]
[BlackElo "1595"]
[PlyCount "102"]
[EventDate "2011.07.23"]
[EventType "swiss"]
[EventRounds "9"]
[EventCountry "GER"]
[SourceTitle "EXT 2013"]
[Source "ChessBase"]
[SourceDate "2012.11.22"]
[SourceVersion "1"]
[SourceVersionDate "2012.11.22"]
[SourceQuality "1"]

1. e4 e5 2. Nf3 Nc6 3. d4 exd4 4. Nxd4 Bc5 5. Be3 Qf6 6. c3 Nge7 7. Bc4 Ne5 8. Be2 0-0 9. 0-0 a6 10. Nd2 d6 11. f4 N5c6 12. Nc4 Rd8 13. e5 dxe5 14. fxe5 Qh4 15. Rf4 Qg5 16. Rg4 Bxd4 17. Rxg5 Bxe3+ 18. Nxe3 Rxd1+ 19. Rxd1 h6 20. Rg3 Be6 21. Ng4 Ng6 22. Bf3 h5 23. Bxc6 bxc6 24. Nf2 Nxe5 25. Rg5 Ng4 26. Nxg4 Bxg4 27. Rf1 Rb8 28. b4 g6 29. Re5 Be6 30. a4 Rd8 31. Rfe1 Rd2 32. R1e2 Rd1+ 33. Kf2 Kg7 34. Rc5 Rd6 35. Ke3 Bb3 36. a5 Bd5 37. g3 Re6+ 38. Kd2 Rd6 39. Ke1 Bf3 40. Rd2 Re6+ 41. Kf2 Rf6 42. Ke3 Bd5 43. c4 Re6+ 44. Kf2 Rf6+ 45. Ke1 Be6 46. Re5 Bf5 47. Re7 Bh3 48. Rf2 Bf5 49. Rxc7 Re6+ 50. Re2 Rd6 51. Ree7 Rd4 1-0